Tout les vainqueurs de la ligue des champions - Statistiques

Statistiques générales
  • Ce quiz a été pris 167 fois
  • Le résultat moyen est 58 sur 70
Statistiques - réponses
Année Vainqueur % Correct
1956 Real Madrid
98%
2024 Real Madrid
98%
2025 Paris Saint-Germain
97%
2018 Real Madrid
97%
2022 Real Madrid
97%
2014 Real Madrid
96%
2016 Real Madrid
96%
2017 Real Madrid
96%
2020 Bayern Munich
95%
2023 Manchester City
95%
1957 Real Madrid
95%
1958 Real Madrid
95%
1959 Real Madrid
95%
1960 Real Madrid
95%
2015 FC Barcelone
94%
2019 Liverpool
94%
2013 Bayern Munich
93%
2009 FC Barcelone
93%
2011 FC Barcelone
93%
2021 Chelsea
92%
2008 Manchester United
92%
2007 AC Milan
91%
1993 Olympique de Marseille
91%
2006 FC Barcelone
90%
2010 Inter Milan
90%
2005 Liverpool
90%
1998 Real Madrid
90%
2012 Chelsea
89%
2000 Real Madrid
89%
2001 Bayern Munich
87%
2003 AC Milan
85%
1992 FC Barcelone
85%
2004 FC Porto
85%
2002 Real Madrid
85%
1994 AC Milan
84%
1974 Bayern Munich
84%
1975 Bayern Munich
84%
1976 Bayern Munich
84%
1981 Liverpool
83%
1999 Manchester United
83%
1963 AC Milan
82%
1984 Liverpool
82%
1966 Real Madrid
82%
1977 Liverpool
81%
1978 Liverpool
81%
1964 AC Milan
80%
1989 AC Milan
80%
1990 AC Milan
80%
1965 Inter Milan
80%
1996 Juventus
80%
1969 AC Milan
79%
1968 Manchester United
78%
1971 Ajax Amsterdam
76%
1972 Ajax Amsterdam
76%
1973 Ajax Amsterdam
76%
1961 Benfica Lisbonne
76%
1962 Benfica Lisbonne
76%
1997 Borussia Dortmund
75%
1985 Juventus
75%
1995 Ajax Amsterdam
73%
1987 FC Porto
73%
1991 Étoile rouge de Belgrade
72%
1979 Nottingham Forest
59%
1980 Nottingham Forest
59%
1988 PSV
54%
1982 Aston Villa
51%
1967 Celtic Glasgow
50%
1983 Hambourg
50%
1986 FC Steaua Bucarest
43%
1970 Feyenoord Rotterdam
42%
Aucun quiz correspondant
Distribution des résultats
% des personnes avec chaque résultat
Percentile par nombre de réponses
Votre historique - résultats
Vous n’avez pas pris ce quiz